000 00435nab a2200145Ia 4500
003 ES-SlBCS
005 20210601125643.0
008 140529s1975 xxu||||| |||| 00| 0 eng d
041 _aeng
100 1 _aBenditt, Theodore M.
_9155874
245 0 0 _aLaw and the Balancing of Interests
_c Theodore M. Benditt
650 0 4 _aLey-Interés
_9162007
773 0 _tSocial Theory and Practice
_gvol. 3, 1975, págs. 321-342
_wRev846
942 _cAR
999 _c533868
_d533868